000 00280nam a22001217a 4500
008 190313b xxu||||| |||| 00| 0 eng d
041 _aeng
080 _a043.3
100 _a0
101 _aMBE-BA
245 _aRoli i Auditimit ne Ekonomine e Tregut
_cColaj, A
942 _2udc
_cBK
999 _c54762
_d54762